00650nam a22001455i 4500001000700000003000900007005001700016008004100033040002000074245018200094260006300276300002200339500007600361852006700437154204ES-MaACL20230906205550.0050719s1871 xxk | |||||||| ||eng d aCAM bspa cCAM00aFurther reports from Her Majrdty's Diplomatic and Consular Agents abroad respecting the condition of the industrial classes and the purchase power of money in foreign countries. aLondon : b[s.n.], c1871 (fprinted by Harrison and Sons) a946 p. ; c25 cm. aPresented to both Houses of Parliament by Command of Her Majesty, 1871. aES-MaACLjG-13626 z-- Enc. hol., conservando la enc. original